Normal view
MARC view
- Jospeh E. Shigley
Entry Personal Name
001 - CONTROL NUMBER
- control field: 127592
003 - CONTROL NUMBER IDENTIFIER
- control field: NUST
005 - DATE AND TIME OF LATEST TRANSACTION
- control field: 20250115105126.0
008 - FIXED-LENGTH DATA ELEMENTS
- fixed length control field: 250115|| aca||aabn | a|a d
040 ## - CATALOGING SOURCE
- Original cataloging agency: NUST
- Transcribing agency: NUST
100 ## - HEADING--PERSONAL NAME
- Personal name: Jospeh E. Shigley
670 ## - SOURCE DATA FOUND
- Source citation: Work cat.: (NUST): Jospeh E. Shigley, Mechanical Engineering Design, 1989.
